000 00342nam a22001217a 4500
008 180504b xxu||||| |||| 00| 0 eng d
041 _aeng
080 _a043.3
100 _a0
101 _aSHKI-BTH
245 _aAnaliza a sinjaleve të zërit të gjuhës shqipe duke përdorur metodat për analizë frekuencore
_cSadriu,N
942 _2udc
_cBK
999 _c45677
_d45677